000 01636cam a22004934i 4500
003 PE-LiUPU
005 20250731165626.0
008 150616s r 000 0 d
035 _a(Sirsi) a6206
035 _a(Sirsi) a6206
040 _aPE-LiUPU
_bspa
_cPE-LiUPU
_erda
049 _aPRUA
082 0 4 _a262.5203d
_bD86
_221
100 1 _aDoig K., German,
_eautor.
245 1 0 _aDiccionario Río Medellín Puebla.
264 1 _aLima :
_bAsociación "Vida y Espiritualidad" (VE),
_c1990.
300 _a611 páginas ;
_c20 cm.
336 _atext
_2rdacontent
337 _aunmediated
_2rdamedia
338 _avolume
_2rdacarrier
505 0 _aDiccionario.
526 _aSEG44
526 _aSEG26
526 _aP151
526 _aP150
526 _aP149
526 _aP146
526 _aP145
526 _aP126
526 _aP125
526 _aP92
526 _aP75
526 _aP74
526 _aP27
526 _aP15
650 0 4 _aDOCUMENTOS PONTIFICIOS - AMERICA LATINA - DICCIONARIOS.
910 _ajck
_bjvq
_cjck
942 _2ddc
_cBOOK
949 _aRC 262.5203D D86
_wDEWEY
_c1
_i39615
_lRC
_mBUL
_r0
_sY
_tBOOK
_u2015-6-16
_xTEOLOGIA
_zUNKNOWN
_0COMPRA
_o.CIRCNOTE. No olvidar cambiar la fecha de devolución!!!!!!!
_o.STAFF. Colección General
994 _aC0
_bPEPRU
596 _a1
999 _aRC 262.5203D D86
_wDEWEY
_c57315
_i39615
_f2021-11-8
_g6
_lCCODEBUL1
_mBUL
_r1
_sY
_tBOOK
_u2015-6-16
_xTEOLOGIA
_zUNKNOWN
_0COMPRA
_o.CIRCNOTE. No olvidar cambiar la fecha de devolución!!!!!!!
_o.STAFF. Colección General
_d57315
980 _81
_gALBERTO SANCHEZ Responsable de Automatización